00578nam a2200169 a 450000100100000000500170001000800410002704000250006808200150009324500660010825000120017426000450018630000210023159000260025295201130027899900170039100003316220200930070052.0110818s1992 dr r 000 0 spa d aDO-SdBNPbspacBNPHU axxxxbxxxx00acantemos al señor /crecopilación Samia María Abkarian. a6ta ed. aSanto Domingo :bAmigo del Hogar,c1992. a147 p. ;c22 cm. aInventariado, 2019/BT 0010718PDaPDbPDcHDd2019-01-16iLF1l0oxxxx xxxxp33162-10r2020-06-25w2020-06-25yLFPDZNo se presta c32653d32653